| 000 | 00583nam a2200181Ia 4500 | ||
|---|---|---|---|
| 003 | IN-BaIIA | ||
| 008 | 211028s9999 xx 000 0 eng d | ||
| 040 | _cIIA Library | ||
| 080 |
_a083.8:523.8 _bAPP-77 |
||
| 110 |
_aAstronomisches Rechen-Institut _96078 |
||
| 245 | 0 |
_aApparent places of fundamental stars 1977 _cAstronomisches Rechen-Institut |
|
| 260 |
_aHeidelberg _bAstronomisches Rechen-Institut _c1975 |
||
| 300 | _axliv, 510p. | ||
| 650 | _a Catalogue-Stars | ||
| 650 |
_a Stars Catalogue _98244 |
||
| 650 |
_aAstronomy and Astrophysics Thesaurus _91143 |
||
| 942 | _cBK | ||
| 999 |
_c4653 _d4653 |
||